[Event "Oberliga Ost A 2023 2024"]
[Site "?"]
[Date "2024.02.25"]
[Round "7.2"]
[Board "8"]
[White "Beyer, Wolfgang"]
[Black "Sandner, Gunter"]
[Result "0-1"]
[WhiteElo "2026"]
[BlackElo "2225"]
[PlyCount "128"]
[EventDate "2023.10.22"]
[EventType "team-tourn"]
[EventCountry "GER"]
[WhiteTeam "Reichenbrand SV Eiche"]
[BlackTeam "Plauen SK Koenig"]
[WhiteTeamCountry "GER"]
[BlackTeamCountry "GER"]

1. d4 Nf6 2. Bf4 e6 3. e3 c5 4. c3 Be7 5. Bd3 b6 6. h3 Bb7 7. Nf3 O-O 8. O-O d6 9. Nbd2 cxd4 10. exd4 Ba6 11. Bxa6 Nxa6 12. Qe2 Nc7 13. Bh2 Qd7 14. Rfe1 b5 15. Nf1 Qc6 16. Ne3 Ncd5 17. Rac1 Rfc8 18. Nd2 Nb6 19. Qf3 Qxf3 20. Nxf3 Rc6 21. Kf1 Rac8 22. a3 h6 23. Ke2 Nc4 24. Nxc4 bxc4 25. Rc2 g5 26. Kd1 Nd5 27. Nd2 Kf8 28. Nf1 Rb8 29. Ne3 Rb5 30. Nxd5 Rxd5 31. Ke2 Rb6 32. Kf3 Rf5+ 33. Ke2 Rfb5 34. Rb1 Ke8 35. Kd2 Kd7 36. Kc1 d5 37. Ra1 Rb3 38. f3 f6 39. Bg1 Bd6 40. Be3 Rb8 41. Ra2 a5 42. Re2 a4 43. Kc2 R3b7 44. Bc1 Bg3 45. Ra1 e5 46. Rb1 exd4 47. cxd4 Bd6 48. Ra1 Rb3 49. Re3 Bc7 50. Rxb3 axb3+ 51. Kd1 c3 52. Ke2 Ba5 53. a4 Rc8 54. bxc3 Bxc3 55. Rb1 b2 56. Be3 Rc4 57. a5 Kc6 58. Bd2 Bxd4 59. Kd3 Kb5 60. g3 Ka4 61. Be3 Bxe3 62. Kxe3 Kb3 63. a6 Kc2 64. a7 Ra4 0-1

[Event "Oberliga Ost A 2023 2024"]
[Site "?"]
[Date "2024.02.25"]
[Round "7.3"]
[Board "1"]
[White "Spivak, Ilya"]
[Black "Lippert, Daniel"]
[Result "1/2-1/2"]
[WhiteElo "2304"]
[BlackElo "2083"]
[PlyCount "29"]
[EventDate "2023.10.22"]
[EventType "team-tourn"]
[EventCountry "GER"]
[WhiteTeam "Hoyerswerda FVS ASP"]
[BlackTeam "Magdeburg SG Aufbau Elbe II"]
[WhiteTeamCountry "GER"]
[BlackTeamCountry "GER"]

1. e4 c5 2. Nf3 Nc6 3. Bb5 Nf6 4. e5 Nd5 5. Nc3 Nc7 6. Bxc6 dxc6 7. O-O Bg4 8. h3 Bh5 9. d3 Ne6 10. a4 Nd4 11. g4 Bg6 12. Nxd4 cxd4 13. Ne2 e6 14. Ng3 h5 15. gxh5 1/2-1/2

[Event "Oberliga Ost A 2023 2024"]
[Site "?"]
[Date "2024.02.25"]
[Round "7.3"]
[Board "2"]
[White "Rafayevych, Vilen"]
[Black "Hassemeier, Mika"]
[Result "1/2-1/2"]
[WhiteElo "2188"]
[BlackElo "2078"]
[PlyCount "76"]
[EventDate "2023.10.22"]
[EventType "team-tourn"]
[EventCountry "GER"]
[WhiteTeam "Magdeburg SG Aufbau Elbe II"]
[BlackTeam "Hoyerswerda FVS ASP"]
[WhiteTeamCountry "GER"]
[BlackTeamCountry "GER"]

1. c4 Nf6 2. Nc3 e6 3. e4 d5 4. e5 d4 5. exf6 dxc3 6. bxc3 Qxf6 7. Bd3 Bd6 8. Nf3 O-O 9. O-O e5 10. Rb1 Bg4 11. Be4 Nd7 12. d4 exd4 13. cxd4 Rad8 14. Bg5 Qxg5 15. Nxg5 Bxd1 16. Rfxd1 h6 17. c5 Be7 18. Nf3 b6 19. c6 Nf6 20. Bf5 Rd5 21. Ne5 Bd6 22. f4 Rd8 23. Bc2 Rxd4 24. Rxd4 Bc5 25. Bb3 Rxd4 26. Bxf7+ Kh7 27. Bg6+ Kg8 28. Bf7+ Kh7 29. Bg6+ Kh8 30. Kh1 Rxf4 31. Bf7 Rf5 32. Nd7 Bd6 33. Re1 g5 34. Be6 Rf4 35. g3 Re4 36. Rxe4 Nxe4 37. Kg2 Kg7 38. Kf3 Nc5 1/2-1/2

[Event "Oberliga Ost A 2023 2024"]
[Site "?"]
[Date "2024.02.25"]
[Round "7.3"]
[Board "3"]
[White "Boehm, Robert"]
[Black "Herter, Arne"]
[Result "1-0"]
[WhiteElo "2152"]
[BlackElo "2064"]
[PlyCount "137"]
[EventDate "2023.10.22"]
[EventType "team-tourn"]
[EventCountry "GER"]
[WhiteTeam "Hoyerswerda FVS ASP"]
[BlackTeam "Magdeburg SG Aufbau Elbe II"]
[WhiteTeamCountry "GER"]
[BlackTeamCountry "GER"]

1. d4 Nf6 2. Nf3 g6 3. c4 Bg7 4. Nc3 O-O 5. e4 d6 6. Be2 e5 7. Be3 Nbd7 8. d5 Qe7 9. Nd2 c5 10. dxc6 bxc6 11. O-O Bb7 12. Rb1 Rfd8 13. b4 d5 14. cxd5 cxd5 15. Nxd5 Nxd5 16. exd5 Bxd5 17. Bc4 Nb6 18. Bxd5 Nxd5 19. Bc5 Qh4 20. Qf3 f5 21. Qb3 e4 22. Nc4 Kh8 23. Nd6 Rxd6 24. Bxd6 Nc3 25. Rbe1 Qf6 26. Bf4 Rd8 27. Bc1 Rd3 28. Bb2 Qd6 29. Qc4 Be5 30. h3 Kg7 31. Re3 Rxe3 32. fxe3 Qd2 33. Bxc3 Qxe3+ 34. Kh1 Qxc3 35. Qxc3 Bxc3 36. Rb1 Kf6 37. Kg1 Ke5 38. Kf2 f4 39. Ke2 g5 40. b5 Bd4 41. a4 Bb6 42. Ra1 Ba5 43. Rc1 h5 44. Rc5+ Kf6 45. Rc6+ Ke5 46. Rh6 h4 47. Ra6 Bb4 48. b6 axb6 49. Rxb6 Bc5 50. Rg6 Kf5 51. Rc6 Bd4 52. Rc4 Ke5 53. a5 g4 54. hxg4 h3 55. gxh3 f3+ 56. Kd2 e3+ 57. Kd3 e2 58. Rc1 Bf2 59. a6 Kf4 60. g5 Be3 61. Rb1 Bd4 62. g6 Kg3 63. a7 Bxa7 64. g7 Kf2 65. g8=Q e1=Q 66. Rxe1 Kxe1 67. Qa2 Bg1 68. Qd2+ Kf1 69. Ke4 1-0

[Event "Oberliga Ost A 2023 2024"]
[Site "?"]
[Date "2024.02.25"]
[Round "7.3"]
[Board "4"]
[White "Windelband, Jens"]
[Black "Jahnel, Guenther"]
[Result "1-0"]
[WhiteElo "2019"]
[BlackElo "2171"]
[PlyCount "113"]
[EventDate "2023.10.22"]
[EventType "team-tourn"]
[EventCountry "GER"]
[WhiteTeam "Magdeburg SG Aufbau Elbe II"]
[BlackTeam "Hoyerswerda FVS ASP"]
[WhiteTeamCountry "GER"]
[BlackTeamCountry "GER"]

1. e4 e5 2. Nf3 d6 3. d4 Nf6 4. Nc3 Nbd7 5. g4 exd4 6. Nxd4 Nc5 7. g5 Nfd7 8. Be3 Nb6 9. Qd2 Be7 10. O-O-O c6 11. Kb1 g6 12. f4 Bg4 13. Re1 Bd7 14. h4 Qc7 15. f5 O-O-O 16. f6 Bf8 17. h5 Kb8 18. Bf4 Ne6 19. Nxe6 Bxe6 20. b3 Ka8 21. Ne2 Bg4 22. hxg6 fxg6 23. Qc3 Qf7 24. Nd4 h5 25. a4 Nc8 26. Bg2 Qc7 27. a5 a6 28. Bg3 Rh7 29. Ne2 Na7 30. Nf4 Qf7 31. Bf1 Nb5 32. Qb2 d5 33. Bxb5 axb5 34. e5 Re8 35. Bf2 c5 36. Qc3 d4 37. Qd3 Bf5 38. Qxb5 Re6 39. Kb2 Ka7 40. Qc4 Qd7 41. Nxe6 Bxe6 42. Qd3 Qe8 43. Rh4 Rc7 44. Rf4 Qf7 45. Rd1 Kb8 46. a6 b6 47. Qb5 Ka7 48. Rd2 Bd7 49. Qd3 Bc8 50. Rd1 Be6 51. Bxd4 cxd4 52. Rxd4 Bf5 53. Qe2 Bxc2 54. e6 Bxd1 55. Rxd1 Qe8 56. Qe5 Qb8 57. Rd7 1-0

[Event "Oberliga Ost A 2023 2024"]
[Site "?"]
[Date "2024.02.25"]
[Round "7.3"]
[Board "5"]
[White "Kregelin, Jan"]
[Black "Koenig, Marco"]
[Result "1-0"]
[WhiteElo "2104"]
[BlackElo "2085"]
[PlyCount "107"]
[EventDate "2023.10.22"]
[EventType "team-tourn"]
[EventCountry "GER"]
[WhiteTeam "Hoyerswerda FVS ASP"]
[BlackTeam "Magdeburg SG Aufbau Elbe II"]
[WhiteTeamCountry "GER"]
[BlackTeamCountry "GER"]

1. d4 d5 2. c4 e6 3. Nc3 Nf6 4. cxd5 exd5 5. Bg5 Be7 6. e3 O-O 7. Bd3 c6 8. Qc2 Nbd7 9. Nf3 Re8 10. O-O Ne4 11. Bf4 f5 12. Nxd5 Bd6 13. Bxd6 Nxd6 14. Nc3 Nf6 15. Ne5 Be6 16. Rfe1 g6 17. Rad1 Rc8 18. b4 Kg7 19. Qb2 Nde4 20. a3 Qc7 21. Rc1 Qe7 22. f3 Nd6 23. e4 Kg8 24. Re2 Qd8 25. Na4 fxe4 26. Bxe4 Nf5 27. Rd1 Nd5 28. Qd2 Rc7 29. Nc5 Bc8 30. Bxf5 Bxf5 31. Rde1 Rce7 32. Ne4 Kg7 33. Ng3 Bc8 34. Kh1 Rf8 35. Re4 Nf6 36. R4e2 Nd5 37. Qb2 Kg8 38. b5 Nf4 39. Re4 Qd5 40. bxc6 bxc6 41. Qc1 g5 42. Ne2 Ne6 43. Qxc6 Qa5 44. Qc3 Qb6 45. Qb4 Qxb4 46. axb4 Bb7 47. Re3 Rd8 48. Nd3 Kf7 49. Ng3 Bd5 50. Nc5 Ree8 51. Kg1 Bc4 52. Nf5 h5 53. Ne4 Kg6 54. Nfd6 1-0

[Event "Oberliga Ost A 2023 2024"]
[Site "?"]
[Date "2024.02.25"]
[Round "7.3"]
[Board "6"]
[White "von Angern, Cedric"]
[Black "Wolf, Andreas"]
[Result "1/2-1/2"]
[WhiteElo "1885"]
[BlackElo "2044"]
[PlyCount "58"]
[EventDate "2023.10.22"]
[EventType "team-tourn"]
[EventCountry "GER"]
[WhiteTeam "Magdeburg SG Aufbau Elbe II"]
[BlackTeam "Hoyerswerda FVS ASP"]
[WhiteTeamCountry "GER"]
[BlackTeamCountry "GER"]

1. e4 c5 2. Nf3 e6 3. d4 cxd4 4. Nxd4 Nf6 5. Bd3 Nc6 6. Nxc6 bxc6 7. c4 d5 8. cxd5 cxd5 9. exd5 Nxd5 10. O-O Be7 11. Be4 O-O 12. Nc3 Ba6 13. Nxd5 exd5 14. Bd3 Bxd3 15. Qxd3 Bc5 16. Be3 Bxe3 17. Qxe3 d4 18. Qd2 Qb6 19. Rfd1 Rfd8 20. Rac1 Rac8 21. Rxc8 Rxc8 22. h3 Rd8 23. b3 h6 24. Qd3 Qa5 25. Qd2 Qd5 26. Qd3 g6 27. Qc4 Qe5 28. b4 Kg7 29. a4 d3 1/2-1/2

[Event "Oberliga Ost A 2023 2024"]
[Site "?"]
[Date "2024.02.25"]
[Round "7.3"]
[Board "7"]
[White "Heyme, Sibylle"]
[Black "Noack, Marcel"]
[Result "0-1"]
[WhiteElo "1996"]
[BlackElo "2025"]
[PlyCount "136"]
[EventDate "2023.10.22"]
[EventType "team-tourn"]
[EventCountry "GER"]
[WhiteTeam "Hoyerswerda FVS ASP"]
[BlackTeam "Magdeburg SG Aufbau Elbe II"]
[WhiteTeamCountry "GER"]
[BlackTeamCountry "GER"]

1. Nf3 d6 2. d4 g6 3. g3 Bg7 4. Bg2 Nf6 5. O-O O-O 6. c4 c6 7. Nc3 a5 8. b3 Na6 9. Bb2 Rb8 10. Rc1 b5 11. cxb5 cxb5 12. e3 Bd7 13. Qe2 Qb6 14. Rfd1 Rfc8 15. Nd2 e6 16. Nce4 Nxe4 17. Nxe4 d5 18. Ng5 a4 19. h4 Bf8 20. e4 h6 21. Nf3 a3 22. Ba1 Nb4 23. Ne5 Be8 24. Qd2 dxe4 25. Bxe4 Nd5 26. Qe2 Qd8 27. h5 Qg5 28. Rxc8 Rxc8 29. hxg6 fxg6 30. Nf3 Qg4 31. Re1 Bb4 32. Rf1 Nf6 33. Bd3 Bc6 34. Ne5 Qxe2 35. Bxe2 Be8 36. Bd3 Kh7 37. Kg2 Nd5 38. Rh1 Kg7 39. Ng4 Bd2 40. Rd1 Bb4 41. Ne5 h5 42. Kh2 g5 43. Kg2 h4 44. Kf3 Bh5+ 45. g4 Be8 46. Be4 Rc7 47. Kg2 Bd6 48. Kg1 Kh6 49. Re1 Bb4 50. Rd1 Nf6 51. Bd3 Nd5 52. Be4 Nf4 53. Kh2 Bd6 54. Kh1 Bxe5 55. dxe5 Bc6 56. Bxc6 Rxc6 57. Bd4 Rc2 58. Ra1 Nd3 59. Kg2 Nb4 60. Be3 Rxa2 61. Rd1 Nd5 62. Bc5 Rc2 63. Bf8+ Kg6 64. Rxd5 exd5 65. Bxa3 Rc3 66. e6 Rxb3 67. Bd6 Kf6 68. f4 Kxe6 0-1

[Event "Oberliga Ost A 2023 2024"]
[Site "?"]
[Date "2024.02.25"]
[Round "7.3"]
[Board "8"]
[White "Petzold, Johannes Julius"]
[Black "Schuh, Ruediger"]
[Result "1-0"]
[WhiteElo "1636"]
[BlackElo "2005"]
[PlyCount "81"]
[EventDate "2023.10.22"]
[EventType "team-tourn"]
[EventCountry "GER"]
[WhiteTeam "Magdeburg SG Aufbau Elbe II"]
[BlackTeam "Hoyerswerda FVS ASP"]
[WhiteTeamCountry "GER"]
[BlackTeamCountry "GER"]

1. e4 d6 2. d4 Nf6 3. Nc3 g6 4. f4 Bg7 5. Nf3 O-O 6. Bd3 Na6 7. O-O c5 8. d5 Nc7 9. Qe1 Bd7 10. a4 b6 11. Qh4 e6 12. dxe6 Nxe6 13. f5 Nc7 14. g4 h6 15. Bxh6 Bxh6 16. Qxh6 Nxg4 17. Qf4 Nf6 18. Qxd6 Nce8 19. Qg3 Nh5 20. Qf2 Nd6 21. Ne5 Bc8 22. f6 Ne8 23. Nd5 Bb7 24. Ne7+ Kh7 25. Ng4 Bc8 26. Nxc8 Qxc8 27. Qh4 c4 28. Be2 Nd6 29. Kh1 Rh8 30. Ne3 Kg8 31. Nd5 Kf8 32. Bf3 Qc5 33. Rad1 Re8 34. Ne7 g5 35. Qh3 Qe5 36. Bxh5 Nxe4 37. Rd5 Qxb2 38. Qf3 Qxc2 39. Re5 Nd2 40. Ng6+ fxg6 41. Qa3+ 1-0

[Event "Oberliga Ost A 2023 2024"]
[Site "?"]
[Date "2024.02.25"]
[Round "7.4"]
[Board "1"]
[White "Rudolf, Sebastian"]
[Black "Becker, Michael"]
[Result "1/2-1/2"]
[WhiteElo "2311"]
[BlackElo "2255"]
[PlyCount "69"]
[EventDate "2023.10.22"]
[EventType "team-tourn"]
[EventCountry "GER"]
[WhiteTeam "Dresden SG Gruen Weiss"]
[BlackTeam "Dessau SK"]
[WhiteTeamCountry "GER"]
[BlackTeamCountry "GER"]

1. e4 c5 2. c3 d5 3. exd5 Qxd5 4. d4 Nf6 5. Nf3 Bg4 6. dxc5 Qxd1+ 7. Kxd1 Nc6 8. Be3 O-O-O+ 9. Kc1 e6 10. Bb5 Bxf3 11. gxf3 Nd5 12. b4 Be7 13. a3 Bf6 14. Kc2 Nce7 15. Ra2 Nf5 16. Bc1 g5 17. Rd1 h5 18. h3 Nh4 19. Be2 Ng6 20. Be3 Ngf4 21. Bf1 g4 22. Bxf4 Nxf4 23. Rxd8+ Kxd8 24. fxg4 hxg4 25. hxg4 Rh4 26. f3 Rh1 27. Bc4 Ng2 28. Nd2 Ne3+ 29. Kd3 Bg5 30. Ne4 Bf4 31. Re2 Rd1+ 32. Rd2 Ra1 33. Re2 Rd1+ 34. Rd2 Ra1 35. Re2 1/2-1/2

[Event "Oberliga Ost A 2023 2024"]
[Site "?"]
[Date "2024.02.25"]
[Round "7.4"]
[Board "2"]
[White "Matthey, Harald"]
[Black "Zwahr, Paul"]
[Result "0-1"]
[WhiteElo "2086"]
[BlackElo "2278"]
[PlyCount "64"]
[EventDate "2023.10.22"]
[EventType "team-tourn"]
[EventCountry "GER"]
[WhiteTeam "Dessau SK"]
[BlackTeam "Dresden SG Gruen Weiss"]
[WhiteTeamCountry "GER"]
[BlackTeamCountry "GER"]

1. d4 Nf6 2. Nf3 g6 3. c4 Bg7 4. Nc3 O-O 5. e4 d6 6. h3 e5 7. d5 a5 8. Be3 Na6 9. g4 Nd7 10. Rg1 Ndc5 11. a3 Bd7 12. b3 Kh8 13. Rb1 Qe8 14. b4 axb4 15. axb4 Na4 16. Nxa4 Bxa4 17. Qd2 Bd7 18. Bd3 f5 19. gxf5 gxf5 20. Bh6 Bxh6 21. Qxh6 Qe7 22. Nh4 Be8 23. Nxf5 Qf6 24. Qxf6+ Rxf6 25. Ke2 Bd7 26. Rg5 Rg8 27. h4 Bxf5 28. exf5 Rh6 29. Rbg1 Rf8 30. b5 Nc5 31. R1g4 Nd7 32. Rg7 Rxh4 0-1

[Event "Oberliga Ost A 2023 2024"]
[Site "?"]
[Date "2024.02.25"]
[Round "7.4"]
[Board "3"]
[White "Kitze, Alexander"]
[Black "Mirschinka, Dirk"]
[Result "1-0"]
[WhiteElo "2299"]
[BlackElo "2170"]
[PlyCount "79"]
[EventDate "2023.10.22"]
[EventType "team-tourn"]
[EventCountry "GER"]
[WhiteTeam "Dresden SG Gruen Weiss"]
[BlackTeam "Dessau SK"]
[WhiteTeamCountry "GER"]
[BlackTeamCountry "GER"]

1. Nf3 Nf6 2. g3 g6 3. Bg2 Bg7 4. O-O O-O 5. d4 d6 6. c4 Nc6 7. Nc3 a6 8. h3 Rb8 9. e4 Na5 10. Qe2 b5 11. e5 Ne8 12. cxb5 axb5 13. Bf4 h6 14. Rfe1 d5 15. b3 g5 16. Bd2 c6 17. Qd3 f5 18. exf6 exf6 19. Qg6 Nd6 20. g4 Nf7 21. Ne2 Nb7 22. Ng3 Nh8 23. Qc2 Bd7 24. Bb4 Re8 25. Bf1 Bf8 26. Bxf8 Rxe1 27. Rxe1 Qxf8 28. Nf5 Re8 29. Rxe8 Bxe8 30. Bxb5 cxb5 31. Qc7 Bg6 32. Ne7+ Kf7 33. Nxd5+ Kg8 34. Ne7+ Kf7 35. Nxg6+ Kxg6 36. Qxb7 Qe8 37. h4 gxh4 38. Qd5 Qc8 39. Nxh4+ Kg7 40. Nf5+ 1-0

[Event "Oberliga Ost A 2023 2024"]
[Site "?"]
[Date "2024.02.25"]
[Round "7.4"]
[Board "4"]
[White "Schubert, Ralf"]
[Black "Genkin, Michael"]
[Result "1/2-1/2"]
[WhiteElo "2088"]
[BlackElo "2250"]
[PlyCount "48"]
[EventDate "2023.10.22"]
[EventType "team-tourn"]
[EventCountry "GER"]
[WhiteTeam "Dessau SK"]
[BlackTeam "Dresden SG Gruen Weiss"]
[WhiteTeamCountry "GER"]
[BlackTeamCountry "GER"]

1. Nf3 c5 2. c4 Nf6 3. g3 b6 4. Bg2 Bb7 5. O-O e6 6. Nc3 Be7 7. d4 cxd4 8. Nxd4 Bxg2 9. Kxg2 Qc8 10. Qd3 Nc6 11. Nxc6 Qxc6+ 12. e4 a6 13. f3 d6 14. b3 O-O 15. Bb2 Rfd8 16. Rac1 Qb7 17. a4 Bf8 18. Rfd1 Ne8 19. Rd2 Rab8 20. Rcd1 Nc7 21. Qe2 Be7 22. Ba3 Ne8 23. Qe3 h6 24. Rd3 Rbc8 1/2-1/2

[Event "Oberliga Ost A 2023 2024"]
[Site "?"]
[Date "2024.02.25"]
[Round "7.4"]
[Board "5"]
[White "Siedentopf, Daniel"]
[Black "Erler, Rainer"]
[Result "1-0"]
[WhiteElo "2235"]
[BlackElo "2140"]
[PlyCount "89"]
[EventDate "2023.10.22"]
[EventType "team-tourn"]
[EventCountry "GER"]
[WhiteTeam "Dresden SG Gruen Weiss"]
[BlackTeam "Dessau SK"]
[WhiteTeamCountry "GER"]
[BlackTeamCountry "GER"]

1. d4 d5 2. c4 e6 3. Nc3 c5 4. cxd5 exd5 5. Nf3 Nc6 6. dxc5 d4 7. Na4 Bxc5 8. Nxc5 Qa5+ 9. Bd2 Qxc5 10. b4 Nxb4 11. Rc1 Qd6 12. e3 Nc6 13. Nxd4 Nxd4 14. Bc3 Nf6 15. Qxd4 Qxd4 16. Bxd4 O-O 17. Bd3 Nd5 18. a3 Rd8 19. g3 Be6 20. Ke2 Rac8 21. Rxc8 Bxc8 22. Rc1 b6 23. e4 Ne7 24. Ke3 Be6 25. Ba6 f6 26. g4 Kf7 27. h3 g5 28. f3 Ng6 29. Rc7+ Rd7 30. Rc3 Nf4 31. Bb5 Re7 32. Rc6 Nxh3 33. a4 Nf4 34. a5 bxa5 35. Ra6 Bb3 36. Rxf6+ Kg8 37. Ra6 Nd5+ 38. Kf2 Nb6 39. Rxa5 Rc7 40. Ra6 Rb7 41. Ra3 Be6 42. Rc3 Kf7 43. Bc6 Re7 44. Bc5 Rc7 45. Bxb6 1-0

[Event "Oberliga Ost A 2023 2024"]
[Site "?"]
[Date "2024.02.25"]
[Round "7.4"]
[Board "6"]
[White "Ozeran, Volodymyr"]
[Black "Kaiser, Dieter"]
[Result "1-0"]
[WhiteElo "2074"]
[BlackElo "2218"]
[PlyCount "101"]
[EventDate "2023.10.22"]
[EventType "team-tourn"]
[EventCountry "GER"]
[WhiteTeam "Dessau SK"]
[BlackTeam "Dresden SG Gruen Weiss"]
[WhiteTeamCountry "GER"]
[BlackTeamCountry "GER"]

1. d4 Nf6 2. Nf3 g6 3. g3 Bg7 4. Bg2 O-O 5. O-O d6 6. c4 Nc6 7. Nc3 e5 8. dxe5 Nxe5 9. Nxe5 dxe5 10. Qxd8 Rxd8 11. Bg5 Rd4 12. b3 c6 13. Rad1 Be6 14. Be3 Rxd1 15. Rxd1 Bf8 16. Na4 Nd7 17. f4 exf4 18. gxf4 Bh6 19. Kf1 Re8 20. f5 Bxe3 21. fxe6 Ne5 22. exf7+ Kxf7 23. Nc3 Ke7 24. Bf3 Rf8 25. Kg2 h5 26. Rf1 Rf4 27. h3 Rh4 28. Ne4 g5 29. Ng3 Ke6 30. Bxh5 Bf4 31. Bf3 g4 32. Bxg4+ Nxg4 33. Rxf4 Ne3+ 34. Kf3 Rxf4+ 35. Kxf4 Nd1 36. Ne4 b5 37. cxb5 cxb5 38. h4 b4 39. Nc5+ Kf6 40. Na6 Nc3 41. Nxb4 Nxe2+ 42. Ke3 Ng3 43. Kf4 Ne2+ 44. Ke4 a5 45. Nd5+ Kf7 46. Kd3 Nc1+ 47. Kc2 Nxa2 48. Kb2 Nb4 49. Nxb4 axb4 50. Kc2 Kg6 51. Kd3 1-0

[Event "Oberliga Ost A 2023 2024"]
[Site "?"]
[Date "2024.02.25"]
[Round "7.4"]
[Board "7"]
[White "Butscher, Daniel"]
[Black "Leibovitch, Iziaslav"]
[Result "1/2-1/2"]
[WhiteElo "2124"]
[BlackElo "2082"]
[PlyCount "55"]
[EventDate "2023.10.22"]
[EventType "team-tourn"]
[EventCountry "GER"]
[WhiteTeam "Dresden SG Gruen Weiss"]
[BlackTeam "Dessau SK"]
[WhiteTeamCountry "GER"]
[BlackTeamCountry "GER"]

1. d4 d6 2. e4 Nf6 3. Nc3 g6 4. Bf4 Bg7 5. Qd2 Nc6 6. O-O-O O-O 7. f3 a6 8. Bh6 e5 9. dxe5 dxe5 10. Nd5 Nxd5 11. exd5 Nd4 12. Bxg7 Kxg7 13. g4 Qxd5 14. c3 Qc6 15. Qe3 f6 16. Bd3 Ne6 17. Ne2 Qc5 18. Qd2 Rd8 19. h4 Bd7 20. h5 g5 21. Qc2 h6 22. Bb5 axb5 23. Qg6+ Kf8 24. Qxh6+ Ke7 25. Qh7+ Ke8 26. Qg6+ Ke7 27. Qh7+ Ke8 28. Qg6+ 1/2-1/2

[Event "Oberliga Ost A 2023 2024"]
[Site "?"]
[Date "2024.02.25"]
[Round "7.4"]
[Board "8"]
[White "Schaefer, Toni"]
[Black "Schnoor, Ekkehard"]
[Result "1/2-1/2"]
[WhiteElo "1420"]
[BlackElo "2096"]
[PlyCount "128"]
[EventDate "2023.10.22"]
[EventType "team-tourn"]
[EventCountry "GER"]
[WhiteTeam "Dessau SK"]
[BlackTeam "Dresden SG Gruen Weiss"]
[WhiteTeamCountry "GER"]
[BlackTeamCountry "GER"]

1. d4 d6 2. Nf3 Nf6 3. c4 g6 4. g3 Bg7 5. Bg2 O-O 6. Nc3 Nbd7 7. O-O e5 8. e4 a6 9. h3 exd4 10. Nxd4 Re8 11. Re1 Rb8 12. Rb1 Ne5 13. b3 c5 14. Nc2 Qc7 15. a4 Be6 16. Bb2 Nc6 17. Nd5 Bxd5 18. exd5 Nb4 19. Nxb4 cxb4 20. Qd2 a5 21. Rxe8+ Nxe8 22. Re1 Bxb2 23. Qxb2 Ng7 24. Re4 Qd8 25. h4 h5 26. Bh3 Ne8 27. f4 f5 28. Re6 Kh7 29. Qe2 Ng7 30. Re7 Kg8 31. Bg2 Kf8 32. Re3 Qd7 33. Qb2 Kf7 34. Qd4 Qc7 35. Kf1 b6 36. Bf3 Rb7 37. Re6 Qd8 38. Re3 Rb8 39. Kg2 Kg8 40. Kg1 Kf7 41. Kg2 Qf6 42. Qxf6+ Kxf6 43. Bd1 Rd8 44. Kf3 Kf7 45. Bc2 Ne8 46. Re1 Nc7 47. Re2 Na6 48. Re1 Nc5 49. Re2 Kf6 50. Re3 Rd7 51. Re1 Ra7 52. Re3 Rb7 53. Re1 Rc7 54. Re2 Rd7 55. Re1 Rf7 56. Re3 Rg7 57. Re1 Rh7 58. Re3 Re7 59. Rxe7 Kxe7 60. Ke3 Kd7 61. Kd4 Kc7 62. Ke3 Nd7 63. Kd4 Nf6 64. Ke3 Ng4+ 1/2-1/2

[Event "Oberliga Ost A 2023 2024"]
[Site "?"]
[Date "2024.02.25"]
[Round "7.5"]
[Board "1"]
[White "Mueller, Frank"]
[Black "Nguyen, Alex Dac Vuong"]
[Result "1/2-1/2"]
[WhiteElo "2272"]
[BlackElo "2370"]
[PlyCount "128"]
[EventDate "2023.10.22"]
[EventType "team-tourn"]
[EventCountry "GER"]
[WhiteTeam "Leipzig VfB"]
[BlackTeam "Leipzig SG"]
[WhiteTeamCountry "GER"]
[BlackTeamCountry "GER"]

1. Nf3 Nf6 2. d4 d5 3. e3 c5 4. b3 cxd4 5. exd4 Nc6 6. Bb2 Bg4 7. h3 Bh5 8. Be2 e6 9. O-O Bd6 10. c4 dxc4 11. bxc4 O-O 12. Nbd2 Rc8 13. Ne5 Bxe2 14. Qxe2 Qa5 15. Rfd1 Rfd8 16. Ng4 Nxg4 17. Qxg4 Ba3 18. Nb3 Qb4 19. Bxa3 Qxa3 20. d5 exd5 21. cxd5 Ne5 22. Qf5 Nc4 23. Rd3 Nd6 24. Qf4 Rc4 25. Qg5 Re8 26. Qd2 Rce4 27. Rc1 h6 28. Nc5 Qxc1+ 29. Qxc1 Re1+ 30. Qxe1 Rxe1+ 31. Kh2 Rc1 32. Nb3 Rc2 33. Rd2 Rxd2 34. Nxd2 Nb5 35. Nc4 Kf8 36. Na5 Nd6 37. Kg3 Ke7 38. Kf4 Kf6 39. h4 g5+ 40. hxg5+ hxg5+ 41. Kg4 Ke5 42. Kxg5 Kxd5 43. f3 b6 44. Nb3 Ne8 45. Kf4 a5 46. Ke3 Kc4 47. Kd2 a4 48. Nc1 Kb4 49. Kc2 Ka3 50. Kb1 Nc7 51. Nd3 Nd5 52. Ne5 f6 53. Nc4+ Kb4 54. Nb2 b5 55. Nd3+ Ka3 56. g4 Nc3+ 57. Kc2 Nd5 58. Kb1 Ne3 59. Ne1 b4 60. f4 b3 61. axb3 axb3 62. g5 Nd5 63. Nd3 Nc3+ 64. Ka1 fxg5 1/2-1/2

[Event "Oberliga Ost A 2023 2024"]
[Site "?"]
[Date "2024.02.25"]
[Round "7.5"]
[Board "2"]
[White "Natsidis, Christoph"]
[Black "Heinrich, Thomas"]
[Result "1-0"]
[WhiteElo "2344"]
[BlackElo "2182"]
[PlyCount "87"]
[EventDate "2023.10.22"]
[EventType "team-tourn"]
[EventCountry "GER"]
[WhiteTeam "Leipzig SG"]
[BlackTeam "Leipzig VfB"]
[WhiteTeamCountry "GER"]
[BlackTeamCountry "GER"]

1. d4 Nf6 2. c4 c5 3. d5 e5 4. Nc3 d6 5. e4 g6 6. f3 Bg7 7. Be3 O-O 8. Qd2 Na6 9. g4 h5 10. g5 Nh7 11. h4 Nc7 12. Nh3 Bxh3 13. Bxh3 a6 14. Rb1 Rb8 15. b4 b6 16. a3 f6 17. Ke2 fxg5 18. hxg5 Rf4 19. Bxf4 exf4 20. Nd1 cxb4 21. axb4 Be5 22. Nf2 Nxg5 23. Nd3 Qf6 24. Nxe5 Qxe5 25. Qb2 Nf7 26. Qxe5 Nxe5 27. Rhc1 Rd8 28. c5 bxc5 29. bxc5 dxc5 30. Rxc5 Nb5 31. Rd1 Rd6 32. Kf2 Kg7 33. Bf1 g5 34. Bxb5 axb5 35. Rxb5 g4 36. fxg4 hxg4 37. Rdb1 Kf6 38. Rb6 Nc4 39. Rc6 g3+ 40. Kg1 f3 41. Rxc4 Ke5 42. Rc6 Rd8 43. Re6+ Kd4 44. Rf6 1-0

[Event "Oberliga Ost A 2023 2024"]
[Site "?"]
[Date "2024.02.25"]
[Round "7.5"]
[Board "3"]
[White "Geiling, Christian"]
[Black "Haufe, Laurin"]
[Result "0-1"]
[WhiteElo "2184"]
[BlackElo "2148"]
[PlyCount "76"]
[EventDate "2023.10.22"]
[EventType "team-tourn"]
[EventCountry "GER"]
[WhiteTeam "Leipzig VfB"]
[BlackTeam "Leipzig SG"]
[WhiteTeamCountry "GER"]
[BlackTeamCountry "GER"]

1. Nf3 Nf6 2. c4 c5 3. b3 g6 4. Bb2 Bg7 5. e3 O-O 6. Be2 Nc6 7. O-O Rb8 8. d4 cxd4 9. exd4 d5 10. Nbd2 Bg4 11. h3 Bxf3 12. Nxf3 e6 13. a3 Qe7 14. c5 b6 15. b4 Ne4 16. Qa4 Rfc8 17. Ba6 Rc7 18. Bb5 Nd8 19. cxb6 axb6 20. Rac1 Ra7 21. Qb3 Nd6 22. Bd3 b5 23. Ne5 Nc4 24. Bxc4 dxc4 25. Qg3 Rc8 26. Rfe1 Qd6 27. Qh4 Nc6 28. Nf3 Qd8 29. Qe4 Ne7 30. Rc2 Qd5 31. Qe2 Rd8 32. Rd1 Nf5 33. g4 Ne7 34. h4 h5 35. Ng5 hxg4 36. Qxg4 Qf5 37. Qe4 Qxe4 38. Nxe4 Nf5 0-1

[Event "Oberliga Ost A 2023 2024"]
[Site "?"]
[Date "2024.02.25"]
[Round "7.5"]
[Board "4"]
[White "Richter, Leonard"]
[Black "Rohne, Lars"]
[Result "1-0"]
[WhiteElo "2256"]
[BlackElo "2136"]
[PlyCount "61"]
[EventDate "2023.10.22"]
[EventType "team-tourn"]
[EventCountry "GER"]
[WhiteTeam "Leipzig SG"]
[BlackTeam "Leipzig VfB"]
[WhiteTeamCountry "GER"]
[BlackTeamCountry "GER"]

1. e4 c5 2. Nf3 e6 3. d4 cxd4 4. Nxd4 Nf6 5. Bd3 Nc6 6. Nxc6 bxc6 7. O-O d5 8. e5 Nd7 9. Re1 Qc7 10. Bf4 Qb6 11. Nd2 Ba6 12. c4 Be7 13. Qg4 Kf8 14. h4 Nc5 15. Bf1 Qxb2 16. Rab1 Qa3 17. h5 Rg8 18. h6 f5 19. exf6 gxf6 20. Qh5 e5 21. Bxe5 Rg5 22. Bb2 Rxh5 23. Bxa3 Re5 24. Rxe5 fxe5 25. cxd5 Bxf1 26. d6 Bxd6 27. Kxf1 Ne4 28. Nxe4 Bxa3 29. Rb7 Be7 30. g4 Rc8 31. g5 1-0